000 01013nam a22002537a 4500
003 NALT
005 20250930093033.0
008 s2558 th tha d
020 _a9786160820740
040 _aNALT
041 _atha
050 _aDS 521
_bส766อ 2558
100 0 _aสุดชาดา ไชยรัตน์
_935710
245 1 0 _aอาเซียนศึกษา =
_bASEAN study /
_cสุดชาดา ไชยรัตน์.
260 _aกรุงเทพฯ :
_bซีเอ็ดยูเคชั่น,
_c2558.
300 _a200 หน้า :
_bภาพประกอบ ;
_c22 ซม.
610 2 4 _aสมาคมอาเซียน
_915906
650 4 _aประชาคมเศรษฐกิจอาเซียน
_92906
650 4 _aประชาคมอาเซียน
_927759
651 4 _aกลุ่มประเทศอาเซียน
_96281
850 _aNALT
942 _cGB
_2lcc
996 _asaiphon.d
_bCATSTF
_c2025-09-26
999 _c74089
_d74089
998 _j104
_k นางสาวสายฝน ดีงาม